| 000 | 00846cam a22002894a 4500 | ||
|---|---|---|---|
| 001 | 13652110 | ||
| 005 | 20180829042443.0 | ||
| 008 | 040712s2006 caua j 000 0 eng | ||
| 010 | _a 2004016341 | ||
| 020 | _a9780811854030 | ||
| 020 | _a0811854035 | ||
| 020 | _a2020694190 | ||
| 020 | _a9782020694193 | ||
| 035 | _a(OCoLC)ocm55955431 | ||
| 040 |
_aDLC _cDLC _dIG# _dBAKER _dOCO _dGK8 _dEHH _dOCLCG _dVP@ _dDLC |
||
| 041 | 1 | _aeng | |
| 042 |
_apcc _alcac |
||
| 080 | _a759 | ||
| 082 | 0 | 0 |
_a759 _222 |
| 100 | 1 | _a43 | |
| 101 | _aART | ||
| 240 | 1 | 0 |
_aChefs d'oeuvre à la loupe. _lEnglish |
| 245 | 1 | 0 |
_aMasterpieces up close / _cby Claire d'Harcourt. |
| 906 |
_a7 _bcbc _corignew _d1 _eecip _f20 _gy-gencatlg |
||
| 942 |
_2ddc _cBK |
||
| 999 |
_c47381 _d47381 |
||